01471cam a22003857a 450000100090000000300040000900500170001300800410003001000170007102000240008803500130011203500210012503700400014604000310018604100130021704200200023004300120025005000220026210000300028424501310031426000600044526400090050530000480051433600330056233700350059533800340063050001170066450400640078161000340084565000460087965500880092570000230101371000280103671000210106417480882OSt20260429104044.0121001s2012 at a bc 001 0 eng d a 2012493364 a9781921503443qpbk. a17480882 a(OCoLC)777976025 bPO Box 3686 South Brisbane QLD 4101 bengcFoundation University1 aenghspa aanucalccopycat au-at-qn00aN 7106b.P67 20121 aPortús Pérez, Javier.10aPortrait of Spain :bmasterpieces from the Prado /c[Javier Portús Pérez, Gabriele Finaldi ; translated by Michael Agnew]. aSouth Brisbane, Qld. :bQueensland Art Gallery,cc2012. 42012 a304 p. :bcol. ill. ;c31 cm.3booksfbooks atextbtxt2rdacontent3books aunmediatedbn2rdamedia3books avolumebnc2rdacarrier3books aCatalog accompanies an exhibition held at the Queensland Art Gallery, Brisbane, Australia, July 21-Nov. 4, 2012. aIncludes bibliographical references (p. 285-296) and index.20aMuseo del PradovExhibitions. 0aArt, SpanishzSpainzMadridvExhibitions. 7aExhibition catalogs.2lcgft0https://id.loc.gov/authorities/genreForms/gf20140260981 aFinaldi, Gabriele.2 aQueensland Art Gallery.2 aMuseo del Prado.